| 000 | 01009nas a2200253Ia 4500 | ||
|---|---|---|---|
| 001 | R138/A4098 | ||
| 003 | IT-RoPAU | ||
| 008 | 151124c99999999xx |||||||||||| ||und|| | ||
| 040 | _aIT-RoPAU | ||
| 040 | _cIT-RoPAU | ||
| 041 | _aITALIANO | ||
| 100 |
_aPorro Renato _gCodice Aut. SPICS: 9007 |
||
| 210 | _aFAMIGLIA OGGI | ||
| 222 | _aFamiglia Oggi | ||
| 245 |
_aFAMIGLIA OGGI, N.44 (MARZO-APRILE 1990) _bCronaca Predilige I Bimbi (La) |
||
| 250 | _a1a ed. | ||
| 260 |
_aMILANO _bASSOCIAZIONE D. GIUSEPPE ZILLI _c1990 |
||
| 501 |
_bPaulus - SPICS - Società San Paolo EM (non-commercial uses only) _cCopyright2015 |
||
| 300 | _a6 p. [54-59] | ||
| 362 | _aN.44 (MARZO-APRILE 1990) | ||
| 500 | _aProblemi dell'Infanzia Molto Attesi nella Stampa Quotidiana Italiana. Adozione in Primo Piano. Lacune e Pregi di Questa Informazione. Minore Diviene Argomento di Cronaca Quando è Oggetto di Violenza da Parte degli Adulti. | ||
| 650 |
_aCOMUNICAZIONE - FAMIGLIA _vPUBBLICAZIONE PERIODICA |
||
| 942 | _cCR | ||
| 999 |
_c201660 _d201660 |
||